000 00654nam a2200241 i 4500
001 C2-0287553
003 PPAK
005 20180728020838.0
008 080219s2006 nyua|||| ||||| | eng d
020 _a078685295X
040 _aPPAK
_beng
_cPPAK
_erda
082 0 4 _a428.6
_223
090 0 0 _a428.6
_bGOL
_dLCK
100 1 _aGoldberg, Whoopi,
_eauthor
245 1 0 _aWhoopi's big book of manners
264 1 _aNew York :
_bHyperion Books ,
_c2006
300 _a[33 pages] :
_bcolour illustrations ;
_c26 cm
336 _2rdacontent
_atext
337 _2rdamedia
_aunmediated
338 _2rdacarrier
_avolume
650 1 0 _aReaders.
942 _ddc
_cB
999 _c93243
_d93243